<?xml version="1.0" encoding="UTF-8"?>
<record
    xmlns:xsi="http://www.w3.org/2001/XMLSchema-instance"
    xsi:schemaLocation="http://www.loc.gov/MARC21/slim http://www.loc.gov/standards/marcxml/schema/MARC21slim.xsd"
    xmlns="http://www.loc.gov/MARC21/slim">

  <leader>01458aab a2200205 i 4500</leader>
  <controlfield tag="001">768714001</controlfield>
  <controlfield tag="003">CO-MdFUSB</controlfield>
  <controlfield tag="005">20250729152351.0</controlfield>
  <controlfield tag="008">250729t1993    ag ||||| |||| 00| 0 spa d</controlfield>
  <datafield tag="040" ind1=" " ind2=" ">
    <subfield code="b">spa</subfield>
    <subfield code="c">CO-MdFUSB</subfield>
  </datafield>
  <datafield tag="100" ind1="1" ind2=" ">
    <subfield code="a">Padilla, C. Ren&#xE9;</subfield>
    <subfield code="e">autor</subfield>
  </datafield>
  <datafield tag="245" ind1="1" ind2="0">
    <subfield code="a">Misi&#xF3;n y comunicaci&#xF3;n</subfield>
    <subfield code="c">/ Ren&#xE9; Padilla</subfield>
  </datafield>
  <datafield tag="300" ind1=" " ind2=" ">
    <subfield code="a">Volumen 12, n&#xFA;mero 3 (julio - septiembre, 1993), p&#xE1;ginas 4-5</subfield>
    <subfield code="c">; 27 cm</subfield>
  </datafield>
  <datafield tag="520" ind1=" " ind2=" ">
    <subfield code="a">Los medios de comunicaci&#xF3;n social han sido fundamentales en la formaci&#xF3;n del mundo moderno, al difundir valores y actitudes propios de la sociedad contempor&#xE1;nea. Desde una perspectiva cristiana, la comunicaci&#xF3;n tiene su origen en Dios, quien se revela a trav&#xE9;s de la palabra y la acci&#xF3;n, culminando en la encarnaci&#xF3;n de Jesucristo como el modelo perfecto de comunicaci&#xF3;n basada en la verdad, el amor, la justicia y la libertad.

Esta visi&#xF3;n plantea un desaf&#xED;o: &#xBF;es posible comunicar el evangelio mediante medios que suelen ser impersonales, manipuladores y orientados al consumo? Mientras los medios modernos tienden al mon&#xF3;logo y a condicionar conductas, el evangelio demanda una comunicaci&#xF3;n personal y transformadora, que despierte una respuesta consciente al llamado de Dios.</subfield>
  </datafield>
  <datafield tag="650" ind1=" " ind2="0">
    <subfield code="a">Evangelizaci&#xF3;n</subfield>
    <subfield code="9">362</subfield>
  </datafield>
  <datafield tag="653" ind1=" " ind2=" ">
    <subfield code="a">Medios de comunicaci&#xF3;n</subfield>
  </datafield>
  <datafield tag="773" ind1="0" ind2=" ">
    <subfield code="t">Iglesia y Misi&#xF3;n</subfield>
    <subfield code="0">49402</subfield>
    <subfield code="9">59656</subfield>
    <subfield code="g">Volumen 12, n&#xFA;mero 3 (julio - septiembre, 1993), p&#xE1;ginas: 4 - 5</subfield>
    <subfield code="q">p&#xE1;ginas: 4</subfield>
  </datafield>
  <datafield tag="942" ind1=" " ind2=" ">
    <subfield code="c">ANA</subfield>
  </datafield>
  <datafield tag="945" ind1=" " ind2=" ">
    <subfield code="a">JTF-925</subfield>
  </datafield>
  <datafield tag="952" ind1=" " ind2=" ">
    <subfield code="0">0</subfield>
    <subfield code="1">0</subfield>
    <subfield code="4">0</subfield>
    <subfield code="7">0</subfield>
    <subfield code="8">HEM</subfield>
    <subfield code="a">FUSBC</subfield>
    <subfield code="b">FUSBC</subfield>
    <subfield code="d">2016-01-26</subfield>
    <subfield code="l">0</subfield>
    <subfield code="o"> </subfield>
    <subfield code="r">2016-01-26 00:00:00</subfield>
    <subfield code="w">2016-01-26</subfield>
    <subfield code="y">ANA</subfield>
  </datafield>
  <datafield tag="999" ind1=" " ind2=" ">
    <subfield code="c">52001</subfield>
    <subfield code="d">52001</subfield>
  </datafield>
</record>
